| 000 | 01074cam a2200313 i 4500 | ||
|---|---|---|---|
| 001 | 19754 | ||
| 003 | Mx-PuUPA | ||
| 005 | 20251206102553.0 | ||
| 008 | 140415s1996 mx gr 000 0 spa d | ||
| 020 | _a9687681306 | ||
| 040 |
_aMx-PuUPA _bspa _cMx-PuUPA _dMx-PuUPA _erda |
||
| 041 | 0 | _aspa | |
| 043 | _an-mx--- | ||
| 100 | 1 |
_aPerdomo Moreno, Abraham, _914485 _eautor |
|
| 245 | 1 | 0 |
_aContabilidad de sociedades mercantiles / _cAbraham Perdomo Moreno |
| 250 | _aNovena edición | ||
| 264 | 1 |
_aMéxico, D.F. : _bEdiciones Contables, Administrativas y Fiscales, _c1996 |
|
| 300 |
_a396 páginas : _bdiagramas, tablas ; _c22 cm |
||
| 336 |
_2rdacontent _atexto _btxt |
||
| 337 |
_2rdamedia _asin medio _bn |
||
| 338 |
_2rdacarrier _avolumen _bnc |
||
| 500 | _aReimpresiones: (Primera, 1996) ; (Segunda, 1997). | ||
| 650 | 7 |
_2armarc _aSociedades comerciales _xContabilidad |
|
| 650 | 7 |
_2armarc _aEmpresas |
|
| 650 | 7 |
_2armarc _aSociedades comerciales _zMéxico |
|
| 942 |
_2ddc _cLI _h657.950972 _iP42 |
||
| 999 |
_c19754 _d19754 |
||